| 000 | 00361nam a22001217a 4500 | ||
|---|---|---|---|
| 999 |
_c5371 _d5371 |
||
| 008 | 250909b ||||| |||| 00| 0 eng d | ||
| 020 | _a9781405298148 | ||
| 082 | _a823.00 MCL | ||
| 100 |
_aMCLACHLAN,JENNY _eAUTHOR _lENGLISH |
||
| 245 | _aTHE BATTLE OF ROAR | ||
| 260 |
_a1st Floor,Watermarque Building,Ringsend Road,Dublin 4,Ireland _bFarshore _c2021 |
||
| 942 | _2ddc | ||